[Event "Gran Canaria U1900 op"]
[Site "Gran Canaria"]
[Date "2023.01.04"]
[Round "7"]
[White "Fernandez Hernandez, Javier"]
[Black "Basualdo de Ornelas, Jorge"]
[Result "0-1"]
[WhiteElo "1452"]
[BlackElo "1599"]
[PlyCount "36"]
[EventDate "2022.12.27"]
[EventType "swiss"]
[EventRounds "7"]
[EventCountry "ESP"]
[SourceTitle "CBM 212 Extra"]
[Source "ChessBase"]
[SourceDate "2023.03.31"]
[SourceVersion "1"]
[SourceVersionDate "2023.03.31"]
[SourceQuality "1"]

1. d4 d5 2. Bf4 c5 3. dxc5 Qa5+ 4. c3 Qxc5 5. Nf3 f6 6. e3 e5 7. Bg3 Bd6 8. Nbd2 Ne7 9. e4 Be6 10. Qa4+ Nd7 11. Bb5 Qc7 12. 0-0-0 0-0 13. exd5 Nb6 14. Qb3 Bxd5 15. c4 Bf7 16. Kb1 Nc6 17. Ne4 Be7 18. Nc3 Bg6+ 0-1

[Event "Gran Canaria U1900 op"]
[Site "Gran Canaria"]
[Date "2023.01.02"]
[Round "5"]
[White "Alba Santana, Cayetano"]
[Black "Fernandez Hernandez, Javier"]
[Result "1-0"]
[WhiteElo "1800"]
[BlackElo "1452"]
[PlyCount "89"]
[EventDate "2022.12.27"]
[EventType "swiss"]
[EventRounds "7"]
[EventCountry "ESP"]
[SourceTitle "CBM 212 Extra"]
[Source "ChessBase"]
[SourceDate "2023.03.31"]
[SourceVersion "1"]
[SourceVersionDate "2023.03.31"]
[SourceQuality "1"]

1. c4 e5 2. Nc3 Nf6 3. g3 c6 4. d4 Bd6 5. Nf3 Qe7 6. dxe5 Bxe5 7. Nxe5 Qxe5 8. Bf4 Qe6 9. Qd4 0-0 10. Bg2 b6 11. 0-0 Bb7 12. e4 c5 13. Qd3 Nc6 14. b3 Ne5 15. Qc2 a6 16. Rfe1 Rfe8 17. Rad1 Bc6 18. a4 Rab8 19. Nd5 Rb7 20. Bxe5 Qxe5 21. f4 Qe6 22. e5 Ng4 23. h3 Nh6 24. g4 Nxg4 25. f5 Qh6 26. hxg4 Qh4 27. Qe4 b5 28. axb5 axb5 29. Qf3 bxc4 30. bxc4 Rb4 31. Re4 Rb2 32. Rf1 Reb8 33. f6 R8b3 34. Ne7+ Kf8 35. fxg7+ Kxe7 36. Qf6+ Qxf6 37. exf6+ Kd6 38. Rf2 Rb1+ 39. Kh2 Rb8 40. Re7 Ra1 41. Bxc6 Kxc6 42. Rxf7 Rg8 43. Rf8 Ra8 44. Rxa8 Rxa8 45. f7 1-0

[Event "Gran Canaria U1900 op"]
[Site "Gran Canaria"]
[Date "2022.12.27"]
[Round "1"]
[White "Guerrero Orihuela, Jose Luis"]
[Black "Fernandez Hernandez, Javier"]
[Result "1-0"]
[WhiteElo "1830"]
[BlackElo "1452"]
[PlyCount "21"]
[EventDate "2022.12.27"]
[EventType "swiss"]
[EventRounds "7"]
[EventCountry "ESP"]
[SourceTitle "CBM 212 Extra"]
[Source "ChessBase"]
[SourceDate "2023.03.31"]
[SourceVersion "1"]
[SourceVersionDate "2023.03.31"]
[SourceQuality "1"]

1. d4 Nf6 2. c4 e6 3. Nc3 Bb4 4. e3 Ne4 5. Qc2 f5 6. Bd3 d5 7. Nge2 0-0 8. 0-0 b6 9. cxd5 exd5 10. Nxd5 Ba6 11. Nxb4 1-0

[Event "Vecindario Montalvo Memorial 14th"]
[Site "Vecindario"]
[Date "2022.09.09"]
[Round "7"]
[White "Fernandez Hernandez, Javier"]
[Black "Rodriguez Almeida, Ainhoa"]
[Result "1-0"]
[WhiteElo "1510"]
[BlackElo "1027"]
[PlyCount "71"]
[EventDate "2022.09.04"]
[EventType "swiss"]
[EventRounds "9"]
[EventCountry "ESP"]
[SourceTitle "CBM 210 Extra"]
[Source "ChessBase"]
[SourceDate "2022.11.30"]
[SourceVersion "1"]
[SourceVersionDate "2022.11.30"]
[SourceQuality "1"]

1. Nf3 Nf6 2. g3 d5 3. d3 Bg4 4. Nbd2 Nbd7 5. Bg2 e5 6. 0-0 Be7 7. e4 0-0 8. Qe2 dxe4 9. dxe4 Rb8 10. h3 Be6 11. Ng5 Nc5 12. b4 Na4 13. Nxe6 fxe6 14. Nb3 Bxb4 15. Qc4 Qe7 16. a3 b5 17. Qxb4 Qxb4 18. axb4 Rf7 19. Be3 Ra8 20. f4 exf4 21. Rxf4 e5 22. Rf5 Nd7 23. Raf1 Rxf5 24. exf5 c6 25. Bxc6 Rd8 26. Rd1 Nc3 27. Rxd7 Rxd7 28. Bxd7 a6 29. Be6+ Kf8 30. Bc5+ Ke8 31. Kg2 Ne4 32. Kf3 Nf6 33. g4 g6 34. g5 Nd7 35. f6 Nxc5 36. bxc5 1-0

[Event "Vecindario Montalvo Memorial 14th"]
[Site "Vecindario"]
[Date "2022.09.04"]
[Round "1"]
[White "Bressac, Stephane"]
[Black "Fernandez Hernandez, Javier"]
[Result "1-0"]
[WhiteElo "2338"]
[BlackElo "1510"]
[PlyCount "35"]
[EventDate "2022.09.04"]
[EventType "swiss"]
[EventRounds "9"]
[EventCountry "ESP"]
[SourceTitle "CBM 210 Extra"]
[Source "ChessBase"]
[SourceDate "2022.11.30"]
[SourceVersion "1"]
[SourceVersionDate "2022.11.30"]
[SourceQuality "1"]

1. e4 c6 2. d4 d5 3. exd5 cxd5 4. Bd3 g6 5. c3 Nh6 6. h4 f6 7. h5 g5 8. Qc2 e5 9. Bxh7 e4 10. Bg6+ Kd7 11. c4 Bb4+ 12. Nc3 Qa5 13. Bd2 Nc6 14. cxd5 Nxd4 15. Qxe4 Nb3 16. Qe6+ Kc7 17. d6+ Kb8 18. Qxb3 1-0

[Event "Vecindario Montalvo Memorial 14th"]
[Site "Vecindario"]
[Date "2022.09.04"]
[Round "2"]
[White "Fernandez Hernandez, Javier"]
[Black "Moreno Sanchez, Jose Gabriel"]
[Result "0-1"]
[WhiteElo "1510"]
[BlackElo "1204"]
[PlyCount "64"]
[EventDate "2022.09.04"]
[EventType "swiss"]
[EventRounds "9"]
[EventCountry "ESP"]
[SourceTitle "CBM 210 Extra"]
[Source "ChessBase"]
[SourceDate "2022.11.30"]
[SourceVersion "1"]
[SourceVersionDate "2022.11.30"]
[SourceQuality "1"]

1. d4 Nf6 2. Nc3 e6 3. Bf4 Bb4 4. Qd3 b6 5. e4 Bxc3+ 6. bxc3 Bb7 7. e5 Nd5 8. Bd2 f6 9. c4 Ne7 10. exf6 gxf6 11. Qh3 Ng6 12. Bd3 f5 13. d5 Qh4 14. Qe3 Qf6 15. Rb1 Na6 16. Be2 0-0-0 17. Bc3 e5 18. Nf3 Rhe8 19. 0-0 Nc5 20. Rfd1 d6 21. Bb4 Nf4 22. Bxc5 dxc5 23. Bf1 c6 24. dxc6 Bxc6 25. Rxd8+ Kxd8 26. Rd1+ Kc7 27. g3 Ng6 28. a4 f4 29. Qa3 fxg3 30. a5 Qxf3 31. axb6+ axb6 32. Qa7+ Bb7 0-1